[Event "Reykjavik Open 2026"]
[Site "Reykjavik"]
[Date "2026.03.25"]
[Round "1.59"]
[White "Soderstrom, Adrian"]
[Black "Wang, Shanshan"]
[Result "½-½"]
[WhiteElo "2374"]
[WhiteFideId "1745786"]
[BlackElo "2011"]
[BlackFideId "8605262"]
[Variant "Standard"]

1. e4 c5 2. Nf3 d6 3. d4 cxd4 4. Nxd4 Nf6 5. Nc3 g6 6. Be3 Nc6 7. f3 h5 8. Bc4 Bd7 9. O-O Bg7 10. Qd2 Nxd4 11. Bxd4 O-O 12. Rad1 Qc8 13. Bb3 Be6 14. Nd5 Nxd5 15. exd5 Bf5 16. Rfe1 Qc7 17. Bxg7 Kxg7 18. Qd4+ f6 19. Re3 g5 20. Rde1 Rf7 21. h4 gxh4 22. Qxh4 Rh8 23. c3 Rh7 24. Kh2 Kg8 25. R1e2 Qc5 26. Qf4 Bg6 27. Qa4 Kf8 28. Qh4 Kg8 29. f4 Qc8 30. Rg3 Qg4 31. Rxg4 hxg4 32. Kg3 Rxh4 33. Kxh4 Rh7+ 34. Kg3 Kf7 35. Re1 Bf5 36. c4 b6 37. Bd1 Bd7 38. Be2 Rh8 39. Bd3 f5 40. Rc1 a5 41. b3 Kf6 42. Rb1 Ra8 43. a3 e6 44. dxe6 Bxe6 45. Rh1 Kg6 46. a4 Re8 47. Kf2 Bf7 48. Rd1 Rd8 49. Bf1 Kf6 50. g3 Ke7 51. Bg2 Rc8 52. Ke3 Rh8 53. Kd4 Rh2 54. Rd2 Be6 55. Kc3 Bd7 56. Bd5 Rh3 57. Rg2 Kf6 58. Rg1 Ke7 59. Kd4 Kd8 60. Ke3 Kc7 61. Kf2 Rh2+ 62. Rg2 Rh1 63. Rg1 Rh2+ 64. Rg2 Rh1 65. Rg1 Rh2+ 66. Rg2 Rh1 67. Rg1 ½-½

[Event "Reykjavik Open 2026"]
[Site "Reykjavik"]
[Date "2026.03.25"]
[Round "1.67"]
[White "Ajay Krishna, S"]
[Black "Berezovskii, Arina"]
[Result "1-0"]
[WhiteElo "2354"]
[WhiteFideId "5096430"]
[BlackElo "1999"]
[BlackFideId "34449850"]
[Variant "Standard"]

1. c4 (1. e4 e5 2. Nf3 Nc6 3. Bc4) 1... e6 2. Nf3 Nf6 3. g3 b6 4. Bg2 Bb7 5. O-O c5 6. Nc3 Be7 7. d4 cxd4 8. Qxd4 d6 9. Bg5 h6 10. Bxf6 Bxf6 11. Qd3 a6 12. Rad1 Be7 13. Nd2 Bxg2 14. Kxg2 Nd7 15. Nde4 Ne5 16. Qd4 O-O 17. f4 Nc6 18. Qd2 Na5 19. b3 Nb7 20. f5 Bf6 21. Nxf6+ Qxf6 22. fxe6 Qxe6 23. Nd5 Rae8 24. Nxb6 Qxe2+ 25. Qxe2 Rxe2+ 26. Rf2 Rfe8 27. Nd5 a5 28. Nc3 Re1 29. Rf1 R1e3 30. Rf3 Re1 31. Rf1 R1e3 32. Nb5 R8e6 33. Nd4 R6e5 34. Rf2 g6 35. Nb5 Re6 36. Rdd2 f5 37. Nc7 R6e5 38. Nd5 Re1 39. Nf4 Rb1 40. Nxg6 Re6 41. Nf4 Ree1 42. Nd3 Red1 43. Kf3 Kf7 44. Ke3 Ke6 45. Kd4 Nd8 46. Rfe2+ Kd7 47. Kc3 Nc6 48. Rxd1 Rxd1 49. Rf2 Ke6 50. Nf4+ Ke5 51. Re2+ Kf6 52. Rd2 Rxd2 53. Kxd2 Nd4 54. Kd3 Nf3 55. h3 Ng5 56. Kd4 Ne4 57. Ne2 Ke6 58. a3 Nd2 59. b4 axb4 60. axb4 Nf3+ 61. Kc3 Ng5 62. h4 Ne4+ 63. Kd4 Kd7 64. Ke3 Ke6 65. b5 Kd7 66. g4 d5 67. cxd5 Nf6 68. gxf5 Nxd5+ 69. Kd4 Kd6 70. Nc3 Ne7 71. Ne4+ Kc7 72. Ke5 Kb6 73. Ke6 Ng8 74. Nf6 Nxf6 75. Kxf6 h5 76. Kg7 1-0

[Event "Reykjavik Open 2026"]
[Site "Reykjavik"]
[Date "2026.03.25"]
[Round "1.72"]
[White "Bjarnason, Snorri Vikanes"]
[Black "Brzezina, Piotr"]
[Result "0-1"]
[WhiteElo "1988"]
[WhiteFideId "1539833"]
[BlackElo "2328"]
[BlackFideId "21078874"]
[Variant "Standard"]

1. c4 (1. e4) 1... e5 2. g3 Nf6 3. Bg2 d5 4. cxd5 Nxd5 5. Nc3 Nb6 6. Nf3 Nc6 7. O-O Be7 8. d3 O-O 9. a3 Re8 10. b4 Bf8 11. Bb2 a5 12. b5 Nd4 13. Nxd4 exd4 14. Ne4 a4 15. Rc1 Ra5 16. Rc2 Rxb5 17. Qc1 c6 18. Qa1 f5 19. Nd2 Rxe2 20. Bxd4 Nd5 21. Bf3 Re8 22. Bh5 Re6 23. Nc4 Rb3 24. Ne5 g6 25. Bd1 Rxa3 26. Ra2 Rxa2 27. Qxa2 Nb4 28. Qa1 b5 29. g4 c5 30. gxf5 Ra6 31. Be3 Bxf5 32. d4 Nd5 33. Bd2 0-1

[Event "Reykjavik Open 2026"]
[Site "Reykjavik"]
[Date "2026.03.25"]
[Round "1.143"]
[White "Smith, Steve"]
[Black "Mahabiersing, Caspar"]
[Result "½-½"]
[WhiteElo "1842"]
[WhiteFideId "1802119"]
[BlackElo "1595"]
[BlackFideId "40119882"]
[Variant "Standard"]

1. e4 e6 2. d4 d5 3. e5 c5 4. c3 Nc6 5. Nf3 Nh6 6. Bd3 Nf5 7. O-O cxd4 8. Bxf5 exf5 9. cxd4 h6 10. Nc3 Be6 11. Qb3 Qd7 12. h4 Be7 13. Rd1 a6 14. Ne2 b5 15. Bd2 Qd8 16. Rac1 Rc8 17. a4 bxa4 18. Qxa4 Qb6 19. Nf4 Qb5 20. Qxb5 axb5 21. Nxe6 fxe6 22. Rc2 Kd7 23. Rdc1 b4 24. Be3 Na5 25. h5 Nb3 26. Rxc8 Rxc8 27. Rxc8 Kxc8 28. Nd2 Nxd2 29. Bxd2 Kb7 30. b3 Kc7 31. f3 Kd7 32. g4 fxg4 33. fxg4 Ke8 34. Kg2 Kf7 35. Kf3 g5 36. Ke2 Ke8 37. Kd3 Kd7 38. Bc1 Kc6 39. Kc2 Kb5 40. Bd2 Kc6 41. Kd3 Kb5 42. Kc2 ½-½